| 000 | 00973cam a2200265 a 4500 | ||
|---|---|---|---|
| 001 | 15753928 | ||
| 005 | 20220223142457.0 | ||
| 008 | 090528s2010 maua 001 0 eng | ||
| 010 | _a 2009022022 | ||
| 020 | _a9780077247171 (alk. paper) | ||
| 020 | _a0077247175 (alk. paper) | ||
| 040 |
_aDLC _cDLC _dDLC |
||
| 050 | 0 | 0 | _aHB 172.5 .C638 2010 |
| 100 | 1 | _aColander, David C. | |
| 245 | 1 | 0 |
_aMacroeconomics / _cDavid C. Colander. |
| 250 | _a8th ed. | ||
| 260 |
_aBoston : _bMcGraw-Hill/Irwin, _cc2010. |
||
| 300 |
_axxxvi, 541 p. : _bill. (some col.) ; _c26 cm. |
||
| 490 | 0 | _aThe McGraw-Hill series economics | |
| 500 | _aIncludes index. | ||
| 650 | 0 | _aMacroeconomics. | |
| 906 |
_a7 _bcbc _corignew _d1 _eecip _f20 _gy-gencatlg |
||
| 942 |
_2lcc _cBOOKS _hHB 172.5 .C638 2010 |
||
| 999 |
_c31151 _d31151 |
||